| 000 | 00414pam a2200157 a 4500 | ||
|---|---|---|---|
| 020 | _a0070591695 : | ||
| 040 | _cDLC | ||
| 082 | 0 | 0 | _a620 HIL 1990 |
| 100 | 1 | _aSmith, William F. | |
| 245 | 1 | 0 | _aPrinciples of materials science and engineering / |
| 250 | _a2nd ed. | ||
| 260 |
_aNew York : _bMcGraw-Hill, _cc1990. |
||
| 300 |
_axiii, 864 p. : _bill. (some col.) ; _c25 cm. |
||
| 650 | 0 | _aMaterials. | |
| 942 | _cAEDBB | ||
| 999 |
_c11265 _d11265 |
||